| 000 | 00376nam a2200121 a 4500 | ||
|---|---|---|---|
| 001 | 000038124 | ||
| 005 | 20201002031159.0 | ||
| 008 | 130314s1976 dr ac 000 0 spa d | ||
| 040 |
_aDO-SdBNP _bspa _cBNPHU |
||
| 245 | 0 | 0 | _aPueblo de la Romana ofrece homenaje al dr. Teobaldo Rosell. |
| 260 |
_aLa Romana : _bImpresora Margarita, _c1976. |
||
| 300 |
_a49 p. : _bils., retr. ; _c22 cm. |
||
| 999 |
_c37614 _d37614 |
||